Thiết kế hệ thống xử lý nước thải bệnh viện đa khoa Vị Thanh : Luận văn tố nghiệp Đại học

Nội dung khảo sát hiện trạng quản lý và xử lý nước thải của bệnh viện, phân tích các chỉ tiêu nước thải, đề xuất các phương án, thiết kế và tính toán quy trình.

Shranjeno v:
Bibliografske podrobnosti
Glavni avtor: Nguyễn, Đức Tài
Format: Knjiga
Jezik:Undetermined
Izdano: Cần Thơ Trường Đại học Cần Thơ 2004
Teme:
Oznake: Označite
Brez oznak, prvi označite!
Thư viện lưu trữ: Trung tâm Học liệu Trường Đại học Cần Thơ
LEADER 01065nam a2200229Ia 4500
001 CTU_143319
008 210402s9999 xx 000 0 und d
082 |a 628.4 
082 |b T103 
088 |a 1990841 
100 |a Nguyễn, Đức Tài 
245 0 |a Thiết kế hệ thống xử lý nước thải bệnh viện đa khoa Vị Thanh : 
245 0 |b Luận văn tố nghiệp Đại học 
245 0 |c Nguyễn Đức Tai ; Vũ Nam (Giáo viên hướng dẫn) 
260 |a Cần Thơ 
260 |b Trường Đại học Cần Thơ 
260 |c 2004 
520 |a Nội dung khảo sát hiện trạng quản lý và xử lý nước thải của bệnh viện, phân tích các chỉ tiêu nước thải, đề xuất các phương án, thiết kế và tính toán quy trình. 
650 |a Sewerage,Xử lý nước thải,Wastewaters 
650 |x Purification 
904 |i Tuyến 
980 |a Trung tâm Học liệu Trường Đại học Cần Thơ